MARC details
| 000 -LEADER |
| fixed length control field |
01371cam a2200373 a 4500 |
| 001 - CONTROL NUMBER |
| control field |
4520123 |
| 003 - CONTROL NUMBER IDENTIFIER |
| control field |
ARRUPE |
| 005 - DATE AND TIME OF LATEST TRANSACTION |
| control field |
20131028180351.0 |
| 008 - FIXED-LENGTH DATA ELEMENTS--GENERAL INFORMATION |
| fixed length control field |
990719s1998 nyu b 001 0 eng |
| 010 ## - LIBRARY OF CONGRESS CONTROL NUMBER |
| LC control number |
98024303 |
| 020 ## - INTERNATIONAL STANDARD BOOK NUMBER |
| International Standard Book Number |
0824517768 (pbk.) |
| 035 ## - SYSTEM CONTROL NUMBER |
| System control number |
(OCoLC)39162309 |
| 035 ## - SYSTEM CONTROL NUMBER |
| System control number |
(OCoLC)ocm39162309 |
| 035 ## - SYSTEM CONTROL NUMBER |
| System control number |
(NNC)4520123 |
| 040 ## - CATALOGING SOURCE |
| Original cataloging agency |
DLC |
| Transcribing agency |
DLC |
| Modifying agency |
DLC |
| 041 1# - LANGUAGE CODE |
| Language code of text/sound track or separate title |
eng |
| Language code of original and/or intermediate translations of text |
lat |
| 050 ## - LIBRARY OF CONGRESS CALL NUMBER |
| Classification number |
BX1805 |
| Item number |
.P67 1998 |
| 090 ## - LOCALLY ASSIGNED LC-TYPE CALL NUMBER (OCLC); LOCAL CALL NUMBER (OCLC) |
| Classification number (OCLC) (R) ; Classification number, CALL (RLIN) (NR) |
BX1805 |
| Local cutter number (OCLC) ; Book number/undivided call number, CALL (RLIN) |
.P67 1998 |
| 300 ## - PHYSICAL DESCRIPTION |
| Dimensions |
21 cm |
| 100 1# - MAIN ENTRY--PERSONAL NAME |
| Personal name |
Pottmeyer, Hermann Josef. |
| 9 (RLIN) |
3073 |
| 245 10 - TITLE STATEMENT |
| Title |
Towards a papacy in communion : |
| Remainder of title |
perspectives from Vatican Councils I and II / |
| Statement of responsibility, etc |
Hermann J. Pottmeyer ; translated by Matthew J. O'Connell |
| 260 ## - PUBLICATION, DISTRIBUTION, ETC. (IMPRINT) |
| Place of publication, distribution, etc |
New York : |
| Name of publisher, distributor, etc |
Crossroad Pub. Co., |
| Date of publication, distribution, etc |
c1998 |
| 300 ## - PHYSICAL DESCRIPTION |
| Extent |
141 p. ; |
| 500 ## - GENERAL NOTE |
| General note |
"A Herder and Herder book." |
| 500 ## - GENERAL NOTE |
| General note |
"A paperback original." |
| 504 ## - BIBLIOGRAPHY, ETC. NOTE |
| Bibliography, etc |
Includes bibliographical references and index |
| 611 20 - SUBJECT ADDED ENTRY--MEETING NAME |
| Meeting name or jurisdiction name as entry element |
Vatican Council |
| Number of part/section/meeting |
(1st : |
| Date of meeting |
1869-1870 : |
| Location of meeting |
Basilica di San Pietro in Vaticano) |
| 9 (RLIN) |
3074 |
| 611 20 - SUBJECT ADDED ENTRY--MEETING NAME |
| Meeting name or jurisdiction name as entry element |
Vatican Council |
| Number of part/section/meeting |
(2nd : |
| Date of meeting |
1962-1965 : |
| Location of meeting |
Basilica di San Pietro in Vaticano) |
| 9 (RLIN) |
3075 |
| 650 #0 - SUBJECT ADDED ENTRY--TOPICAL TERM |
| Topical term or geographic name as entry element |
Popes |
| General subdivision |
Primacy |
| -- |
History of doctrines |
| Chronological subdivision |
19th century. |
| 9 (RLIN) |
3076 |
| 650 #0 - SUBJECT ADDED ENTRY--TOPICAL TERM |
| Topical term or geographic name as entry element |
Popes |
| General subdivision |
Primacy |
| -- |
History of doctrines |
| Chronological subdivision |
20th century. |
| 9 (RLIN) |
3077 |
| 650 #0 - SUBJECT ADDED ENTRY--TOPICAL TERM |
| Topical term or geographic name as entry element |
Papacy and Christian union. |
| 9 (RLIN) |
3078 |
| 650 #0 - SUBJECT ADDED ENTRY--TOPICAL TERM |
| Topical term or geographic name as entry element |
Petrine office. |
| 9 (RLIN) |
3079 |
| 942 ## - ADDED ENTRY ELEMENTS (KOHA) |
| Source of classification or shelving scheme |
Library of Congress Classification |
| Koha item type |
Monograph ( Printed materials) |